Избрани творби (Запис номер 124825)
[ съкратено ]
| 000 -Лидер | |
|---|---|
| Контролно поле с фиксирана дължина | 02012nam a2200397 a 4500 |
| 003 - Код на организацията, давaща контролен номер | |
| Контролно поле | BLK |
| 005 - Дата и час на последна редакция | |
| Контролно поле | 20250228095914.0 |
| 008 - Елементи от данни с фиксирана дължина | |
| fixed length control field | 180409b bul|||||r ||||||| ||bul|| |
| 010 ## - Наследен системен номер | |
| LC control number | KNG00130493000 |
| 040 ## - Източник на каталожния запис | |
| Идентификатор на билиотеката - собственик на записа | BLK |
| 041 ## - Код за език | |
| Код за езика на текст/звукозапис или на отделно заглавие | Български |
| Код за езика КДБФ | Български |
| 080 ## - УДК | |
| Текстов определител УДК | Френска литература |
| УДК код - определител по УДК | 821.133.1 |
| УДК определител | (081) |
| УДК - код + определител | 821.133.1(081) |
| 080 ## - УДК | |
| Текстов определител УДК | Френска литература |
| УДК код - определител по УДК | 821.133.1 |
| УДК определител | -31 |
| УДК - код + определител | 821.133.1-31 |
| 100 1# - Редна дума - Автор | |
| Автор | Балзак, Оноре дьо |
| Авторска отговорност | първи автор |
| R(LIN) | 376104 |
| 139 ## - Редно поле | |
| Редна дума | Балзак, Оноре дьо |
| Авторски знак | Балз - Б 22 |
| 245 10 - Сведения за заглавието | |
| Заглавие | Избрани творби |
| Подзаглавни данни | В 10 т. |
| Редно поле (дума) | Оноре дьо Балзак; предг. от Христо Тодоров; прев. на том Ерма Албертова Гечева; * Жанет Узунова; * Атанас Сугарев. |
| Том | Т. 3 |
| Заглавие на том | Йожени Гранде |
| 257 ## - Страна на издаване | |
| Страна на създаване/издаване | Франция |
| 260 ## - Област на издателските данни | |
| Място на издаване, разпространение и проч. | София |
| Име на издателя, разпространителя и проч. | Нар. култура |
| Година на издаване | 1983 - |
| 300 ## - Физическа характеристика | |
| Размери/Мащаб | 21 см |
| 380 ## - Жанр | |
| Жанр | Худож. лит. |
| 500 ## - Общи забележки | |
| Забележка | Други ред. : Л. Стефанова, П. Пройкова. - 100 125 тир. |
| 505 ## - Форматирана забележка | |
| Заглавие | Старата мома |
| 505 ## - Форматирана забележка | |
| Подзаглавни данни | Романи |
| Заглавие | Музей за антики |
| 700 1# - Други автори (авторска отговорност) | |
| Лично име | Тодоров, Христо |
| Автороска отговорност (Описва отношението между автора и произведението) | предг. от |
| 9 (RLIN) | 364806 |
| 700 1# - Други автори (авторска отговорност) | |
| Лично име | Гечева, Ерма Албертова |
| Автороска отговорност (Описва отношението между автора и произведението) | прев. на том |
| 9 (RLIN) | 367512 |
| 700 1# - Други автори (авторска отговорност) | |
| Лично име | Узунова, Жанет |
| Автороска отговорност (Описва отношението между автора и произведението) | * |
| 9 (RLIN) | 377423 |
| 700 1# - Други автори (авторска отговорност) | |
| Лично име | Сугарев, Атанас |
| Автороска отговорност (Описва отношението между автора и произведението) | * |
| 9 (RLIN) | 370152 |
| 760 1# - Описание на основната серия | |
| Редна дума на основното описание | Балзак, Оноре дьо |
| Място на издаване, издател и година | 1983 |
| Страници - том | 477 с. |
| Забележка - том | Ориг. загл. Eugenie Grandet ; La vieille fille ; Le cabinet des antiques / Balzac. - Други прев. : Ж. Узунова, Ат. Сугарев. - В кн. означено 1. и 10. изд. |
| Заглавие | Т. 3 Йожени Гранде |
| 852 ## - Местоположение | |
| Форматна сигнатура | Цб 120854 |
| 856 4# - Електронен адрес и достъп | |
| Електронен формат | pdf - файл |
| 856 4# - Електронен адрес и достъп | |
| Електронен формат | pdf - файл |
| 999 ## - СИСТЕМНИ КОНТРОЛНИ НОМЕРА | |
| Koha biblionumber | 124825 |
| Koha biblioitemnumber | 124825 |
| 942 ## - АРТИКУЛИ | |
| Вид на библиотечния материал | Книги |
| Скрит в OPAC | Не |
| Koha issues (borrowed), all copies | 3 |
| Периодичен библиозапис | Да |
| 944 ## - СЪЗДАВАНЕ И РЕДАКЦИЯ на ЗАПИСА | |
| Създаване/Редакция | Създаване |
| Дата на регистрацията/редакция | 11.05.2012 |
| Статус, дата на статуса | Грета Цуфелде |
| Служител, извършил регистрацията/редакцията | 30537 |
| 944 ## - СЪЗДАВАНЕ И РЕДАКЦИЯ на ЗАПИСА | |
| Създаване/Редакция | Редакция |
| Дата на регистрацията/редакция | 11.05.2012 |
| Статус, дата на статуса | 11.05.2012 - от С1,Р / 11.05.2012 |
| 999 ## - СИСТЕМНИ КОНТРОЛНИ НОМЕРА | |
| Koha biblioitemnumber | 124825 |
| Код за отписване | Код за изгубен артикул | Източник на класификационната схема | Код за повреда | Коз за рестрикции | Код за отдаване | Артикулен № | Име на библиотеката - собственик | Име на библиотеката, в която се намира в момента | Статус (Текущо местоположение) | Дата на вписване в системата | Местоположение - отдел | Цена в лева | Инвентарен номер | Систематично азбучна сигнатура | Баркод | Номер на екземпляра | Цена в евро | Служебна бележка | Служебен тип на артикула |
|---|---|---|---|---|---|---|---|---|---|---|---|---|---|---|---|---|---|---|---|
| Не е изгубен | Universal Decimal Classification | Не е повреден | само за читалня | ползва се в читалня | 202633 | Регионална библиотека "Любен Каравелов" Русе | Регионална библиотека "Любен Каравелов" Русе | Хранилище | 1983-01-01 | Хранилище | 4.20 | 380876 | Цб 120854 | 120000380876 | 1 | 2.15 | Дост: Dp Вид: Д N: стар фонд Дата: 01.01.1983 | Книги | |
| Изтеглен | Не е изгубен | Universal Decimal Classification | Не е повреден | без рестрикции | заемане за дома | 202634 | Регионална библиотека "Любен Каравелов" Русе | Регионална библиотека "Любен Каравелов" Русе | Заемна - подръчен фонд | 1983-01-01 | Заемна - подръчен фонд | 3.94 | 381241 | П 840(081)/Б 22 | 381241 | 2 | 2.01 | Дост: Pk Вид: Ф N: стар фонд Дата: 01.01.1983 | Книги |
| Изтеглен | Не е изгубен | Universal Decimal Classification | Не е повреден | без рестрикции | заемане за дома | 202635 | Регионална библиотека "Любен Каравелов" Русе | Регионална библиотека "Любен Каравелов" Русе | Заемна - подръчен фонд | 1983-01-01 | Заемна - подръчен фонд | 3.94 | 381245 | П 840(081)/Б 22 | 381245 | 3 | 2.01 | Дост: Pk Вид: Ф N: стар фонд Дата: 01.01.1983 | Книги |
| Не е изгубен | Universal Decimal Classification | Не е повреден | без рестрикции | заемане за дома | 202636 | Регионална библиотека "Любен Каравелов" Русе | Регионална библиотека "Любен Каравелов" Русе | Заемна - подръчен фонд | 1983-01-01 | Заемна - подръчен фонд | 0.70 | 634028 | П 840(081)/Б 22 | 120000634028 | 4 | 0.36 | Дост: Pk Вид: Ф N: стар фонд Дата: 01.01.1983 Дата инв: 12.02.2018 Бележки инв: П2018 | Книги |